UM Logo

Factors affecting senior high school students preference for tertiary institution / (Record no. 12361)

MARC details
000 -LEADER
fixed length control field 00664nam a22001697a 4500
008 - FIXED-LENGTH DATA ELEMENTS--GENERAL INFORMATION
fixed length control field 190123b ||||| |||| 00| 0 eng d
082 ## - DEWEY DECIMAL CLASSIFICATION NUMBER
Edition number 2018
Classification number UT 1172
Item number M77
100 ## - MAIN ENTRY--PERSONAL NAME
Personal name Montecalvo, Elbert Jhon R.
9 (RLIN) 34892
245 ## - TITLE STATEMENT
Title Factors affecting senior high school students preference for tertiary institution /
Statement of responsibility, etc. Elbert Jhon R. Montecalvo, Kim Brian O. Jocoy, and Noel R. Lim
260 ## - PUBLICATION, DISTRIBUTION, ETC. (IMPRINT)
Place of publication, distribution, etc. Digos City:
Name of publisher, distributor, etc. UMDC
Date of publication, distribution, etc. November 2018.
300 ## - PHYSICAL DESCRIPTION
Extent 91 pages;
Dimensions 30 cm.
650 ## - SUBJECT ADDED ENTRY--TOPICAL TERM
Topical term or geographic name as entry element Education
Form subdivision Mathematics
General subdivision Undergraduate thesis.
9 (RLIN) 34893
700 ## - ADDED ENTRY--PERSONAL NAME
Personal name Montecalvo, Elbert Jhon R.
9 (RLIN) 34892
700 ## - ADDED ENTRY--PERSONAL NAME
Personal name Jocoy, Kim Brian O.
9 (RLIN) 34894
700 ## - ADDED ENTRY--PERSONAL NAME
Personal name Lim, Noel R.
9 (RLIN) 34895
942 ## - ADDED ENTRY ELEMENTS (KOHA)
Source of classification or shelving scheme Dewey Decimal Classification
Koha item type Undergraduate Thesis
Holdings
Withdrawn status Lost status Source of classification or shelving scheme Damaged status Not for loan Home library Current library Date acquired Total Checkouts Full call number Barcode Date last seen Price effective from Koha item type
    Dewey Decimal Classification     UM Digos College - LIC UM Digos College - LIC 01/15/2019   UT 1172 M77 2018 1172 05/15/2025 01/23/2019 Undergraduate Thesis